Systémy manažérstva kvality a certifikácia v súlade s požiadavkami EÚ

Úloha noriem a predpisov v súčasnom medzinárodnom obchode. Harmonizácia slovenských právnych predpisov s predpismi Európskej únie. Posudzovanie zhody a pravidlá na udeľovanie a používanie značky zhody CE. Poslanie PECA. Hlavné princípy koncepcie ES posudzovania zhody. Normy systémov manažérstva kva...

Ausführliche Beschreibung

Gespeichert in:
Bibliographische Detailangaben
1. Verfasser: Grauzeľ, Jozef
Format: Buchkapitel
Sprache:Slowakisch
Schlagworte:
Tags: Tag hinzufügen
Keine Tags, Fügen Sie das erste Tag hinzu!

MARC

LEADER 00000naa$a2200000$$$4500
001 0012770
005 20231011134614.2
041 0 |a slo 
044 |a SK 
245 1 0 |a Systémy manažérstva kvality a certifikácia v súlade s požiadavkami EÚ  |c aut. Jozef Grauzeľ 
520 |a Úloha noriem a predpisov v súčasnom medzinárodnom obchode. Harmonizácia slovenských právnych predpisov s predpismi Európskej únie. Posudzovanie zhody a pravidlá na udeľovanie a používanie značky zhody CE. Poslanie PECA. Hlavné princípy koncepcie ES posudzovania zhody. Normy systémov manažérstva kvality v posudzovaní zhody. Návod na systém manažérstva - tabuľka uvádza prvky obvyklého systému manažérstva. 
610 2 0 |a systém riadenia kvality 
610 2 0 |a certifikácia 
610 2 0 |a normy technické 
610 2 0 |a predpisy právne 
610 2 0 |a Európska únia 
610 2 0 |a obchod medzinárodný 
610 2 0 |a posudzovanie zhody výrobkov 
100 1 |a Grauzeľ, Jozef